| 000 | 00365 a2200133 4500 | ||
|---|---|---|---|
| 001 | 12565 | ||
| 082 | _a512.943622AKU | ||
| 090 |
_c9577 _d9577 |
||
| 100 | _aAkulenko,L.D | ||
| 245 | _aHigh Precision Methods in Eigenvalue Problems and Their Applications | ||
| 260 |
_aGermany _bChapman & Hall _c2005 |
||
| 300 | _axix, 239 p. | ||
| 740 | _aEigenvalue Problems | ||
| 942 |
_aNUST-CAE _k512.943622AKU |
||
| 999 |
_c247638 _d247638 |
||